000
00283nam a2200121Ia 4500
100
_a
Kumar/Dev/ Narang
942
_c
BK
654
_a
workshop RADIO
245
_a
Basic Workshop Calculation & Science Radio
260
_b
New Heights
_a
New Delhi
300
_a
416
546
_a
HINDI
999
_c
27334
_d
27334